00815 2200325 4500001002100000005001700021008004100038035002400079082001300103090002100116245007700137250001100214260002900225300002400254650003100278700001900309700001700328850001200345980001500357985000600372999001500378990001200393990001200405990001200417990001200429990001200441990001200453990001200465990001200477YOGYA-0209000006432920090227040304.0 ind  0010-020900000064329 a899.2311 a899.2311bGeglT aGEGURITAN Cupakcalih aksara dan bahasa oleh, Nengah Medera, Nasir Thoir aCet. 1 aJakartabDepdikbudc1978 a60 hlmbilusc22 cm aKesasteraan Bali - Tembang aMadera, Nengah aThoir, Nazir aYOPDYOG a23-07-2008 a1 aa000031816 a59575-a a59572-A a59576-A a59574-A a59575-a a59572-A a59576-A a59574-A